[Event "Belgrade Gligoric 100 Ann op"]
[Site "Belgrade"]
[Date "2023.02.05"]
[Round "1"]
[White "Nikolic, Momcilo"]
[Black "Arsovic, Zoran"]
[Result "0-1"]
[WhiteElo "2118"]
[BlackElo "2390"]
[PlyCount "110"]
[EventDate "2023.02.05"]
[EventType "swiss (blitz)"]
[EventRounds "11"]
[EventCountry "SRB"]
[SourceTitle "EXT 2024"]
[Source "ChessBase"]
[SourceDate "2023.10.10"]
[SourceVersion "1"]
[SourceVersionDate "2023.10.10"]
[SourceQuality "1"]

1. e4 c5 2. Nf3 e6 3. d4 cxd4 4. Nxd4 Nc6 5. Nc3 a6 6. Be2 d6 7. Be3 Nf6 8. g4 h6 9. Rg1 Qa5 10. Qd2 Nxd4 11. Bxd4 e5 12. Be3 Be6 13. h4 h5 14. g5 Ng4 15. g6 fxg6 16. Bxg4 hxg4 17. Bg5 Rc8 18. Rg3 Be7 19. Bxe7 Kxe7 20. Qg5+ Kf7 21. 0-0-0 Rh5 22. Qe3 Qc5 23. Qd2 Rxh4 24. Qxd6 Qxd6 25. Rxd6 Rh2 26. Rd2 Ke7 27. Rg1 Rf8 28. Nd1 Rf4 29. Re2 Bc4 30. Re3 Bb5 31. Nc3 Bc6 32. Nd5+ Bxd5 33. exd5 Kd6 34. Rge1 Rfxf2 35. Rxe5 Rxc2+ 36. Kb1 Rxb2+ 37. Kc1 Rhc2+ 38. Kd1 Rd2+ 39. Kc1 Rbc2+ 40. Kb1 Rc5 41. Re6+ Kc7 42. Rxg6 Rcxd5 43. Rxg7+ Kb6 44. Ree7 Rb5+ 45. Kc1 Rg2 46. Rxb7+ Ka5 47. Rxb5+ axb5 48. Kb1 Kb4 49. Rg5 Kc4 50. Kc1 g3 51. Kb1 b4 52. Rg4+ Kc3 53. a4 Rg1+ 54. Ka2 b3+ 55. Ka3 Ra1# 0-1

[Event "Belgrade Gligoric 100 Ann op"]
[Site "Belgrade"]
[Date "2023.02.05"]
[Round "11"]
[White "Radlovacki, Jovan"]
[Black "Nikolic, Momcilo"]
[Result "1-0"]
[WhiteElo "2292"]
[BlackElo "2118"]
[PlyCount "47"]
[EventDate "2023.02.05"]
[EventType "swiss (blitz)"]
[EventRounds "11"]
[EventCountry "SRB"]
[SourceTitle "EXT 2024"]
[Source "ChessBase"]
[SourceDate "2023.10.10"]
[SourceVersion "1"]
[SourceVersionDate "2023.10.10"]
[SourceQuality "1"]

1. e4 e5 2. Bc4 Nf6 3. d3 Nc6 4. Nc3 Bc5 5. Bg5 h6 6. Be3 Be7 7. h3 d6 8. Qd2 Be6 9. Nd5 Bxd5 10. exd5 Nb8 11. Qb4 b6 12. Ne2 Nbd7 13. Ng3 g6 14. 0-0 Kf8 15. f4 exf4 16. Rxf4 Kg7 17. Raf1 Rf8 18. Qd2 h5 19. d4 Nh7 20. Qf2 f5 21. Bd3 Bg5 22. Rf3 Bh4 23. c4 Ndf6 24. Nxf5+ 1-0

[Event "Belgrade-chT Quality"]
[Site "Belgrade"]
[Date "2021.11.13"]
[Round "9.4"]
[White "Djerfi, Karolj"]
[Black "Nikolic, Momcilo"]
[Result "1/2-1/2"]
[WhiteElo "2208"]
[BlackElo "2129"]
[PlyCount "42"]
[EventDate "2021.10.16"]
[EventType "team-tourn"]
[EventRounds "11"]
[EventCountry "SRB"]
[SourceTitle "EXT 2023"]
[Source "ChessBase"]
[SourceDate "2022.10.05"]
[SourceVersion "1"]
[SourceVersionDate "2022.10.05"]
[SourceQuality "1"]
[WhiteTeam "Belgrade Mladenovac"]
[BlackTeam "Belgrade Banjica"]
[WhiteTeamCountry "SRB"]
[BlackTeamCountry "SRB"]

1. d4 Nf6 2. Nf3 d6 3. Bg5 c5 4. Bxf6 exf6 5. c3 Nc6 6. e3 Qc7 7. Bd3 Be7 8. Nbd2 0-0 9. 0-0 Bg4 10. Qa4 a6 11. dxc5 Bxf3 12. Nxf3 dxc5 13. Qc2 g6 14. Be4 Rad8 15. Rfd1 f5 16. Bd5 Bf6 17. Rd2 Rd7 18. Rad1 Rfd8 19. Bxc6 Rxd2 20. Rxd2 Rxd2 21. Nxd2 Qxc6 1/2-1/2

[Event "Belgrade-chT Quality"]
[Site "Belgrade"]
[Date "2019.10.31"]
[Round "11.1"]
[White "Radosevic, Nenad"]
[Black "Nikolic, Momcilo"]
[Result "1-0"]
[WhiteElo "2166"]
[BlackElo "2145"]
[PlyCount "57"]
[EventDate "2019.10.05"]
[EventType "team-tourn"]
[EventRounds "11"]
[EventCountry "SRB"]
[SourceTitle "EXT 2022"]
[Source "ChessBase"]
[SourceDate "2021.10.06"]
[SourceVersion "1"]
[SourceVersionDate "2021.10.06"]
[SourceQuality "1"]
[WhiteTeam "Teleoptik"]
[BlackTeam "Banjica"]
[WhiteTeamCountry "SRB"]
[BlackTeamCountry "SRB"]

1. d4 Nf6 2. Nf3 d6 3. c4 g6 4. Nc3 Bg7 5. g3 0-0 6. Bg2 e5 7. dxe5 dxe5 8. Qxd8 Rxd8 9. Nxe5 Ne4 10. Nxf7 Kxf7 11. Nxe4 Nc6 12. Ng5+ Ke7 13. Nxh7 Nd4 14. Bg5+ Ke8 15. Bxd8 Kxd8 16. 0-0-0 Ke7 17. e3 Ne6 18. h4 Nc5 19. b3 Bf5 20. e4 Bg4 21. f3 Be6 22. Ng5 Bg8 23. f4 Bc3 24. Kc2 Bb4 25. Kb2 Ne6 26. Bh3 Nxg5 27. Rd7+ Ke8 28. hxg5 Ba5 29. Bg4 1-0

[Event "Belgrade-chTB Quality"]
[Site "Belgrade"]
[Date "2018.10.21"]
[Round "8.2"]
[White "Nikolic, Momcilo"]
[Black "Dunjic, Dragan"]
[Result "0-1"]
[WhiteElo "2169"]
[BlackElo "2154"]
[PlyCount "67"]
[EventDate "2018.09.29"]
[EventType "team-tourn"]
[EventRounds "11"]
[EventCountry "SRB"]
[SourceTitle "CBM 187 Extra"]
[Source "ChessBase"]
[SourceDate "2018.11.04"]
[SourceVersion "1"]
[SourceVersionDate "2018.11.04"]
[SourceQuality "1"]
[WhiteTeam "Belgrade Politika"]
[BlackTeam "Belgrade Borca"]
[WhiteTeamCountry "SRB"]
[BlackTeamCountry "SRB"]

1. e4 c6 2. Nc3 d5 3. Nf3 dxe4 4. Nxe4 Nf6 5. Nxf6+ exf6 6. d4 Bd6 7. Bd3 0-0 8. 0-0 Re8 9. h3 Be6 10. c3 Nd7 11. Qc2 h6 12. b3 Rc8 13. c4 b6 14. Bb2 Nf8 15. a3 b5 16. Nh4 g6 17. Rfe1 Qd7 18. Qd2 g5 19. d5 Bxh3 20. Bxf6 Bf4 21. Qxf4 gxf4 22. gxh3 Qd6 23. Bb2 f3 24. Kh1 Ng6 25. Nf5 Qf4 26. d6 Qd2 27. Rg1 Qxd3 28. Nxh6+ Kf8 29. Rad1 Qe2 30. Bd4 Qe6 31. Ng4 c5 32. Bf6 Qd7 33. Bg5 Re6 34. Rg3 0-1

[Event "Belgrade Vucicevic Memorial"]
[Site "Belgrade"]
[Date "2016.12.04"]
[Round "1"]
[White "Nikolic, Momcilo"]
[Black "Tadic, Branko"]
[Result "0-1"]
[WhiteElo "2146"]
[BlackElo "2561"]
[PlyCount "36"]
[EventDate "2016.12.04"]
[EventType "swiss"]
[EventRounds "15"]
[EventCountry "SRB"]
[SourceTitle "CBM 176 Extra"]
[Source "ChessBase"]
[SourceDate "2017.03.02"]
[SourceVersion "1"]
[SourceVersionDate "2017.03.02"]
[SourceQuality "1"]

1. e4 d6 2. d4 Nf6 3. Nc3 Nbd7 4. f4 e5 5. Nf3 exd4 6. Nxd4 g6 7. Be2 Bg7 8. 0-0 0-0 9. Bf3 Re8 10. Kh1 c6 11. a4 a5 12. Nb3 Nb6 13. Qd3 d5 14. e5 Bf5 15. Qd4 Ne4 16. Nc5 Nxc5 17. Qxc5 Nd7 18. Qf2 Qb6 0-1

[Event "Belgrade-chT"]
[Site "Belgrade"]
[Date "2016.10.17"]
[Round "9.7"]
[White "Brankovic, Vladislav"]
[Black "Nikolic, Momcilo"]
[Result "1/2-1/2"]
[WhiteElo "2123"]
[BlackElo "2175"]
[PlyCount "46"]
[EventDate "2016.10.08"]
[EventType "team-tourn"]
[EventRounds "13"]
[EventCountry "SRB"]
[SourceTitle "CBM 175 Extra"]
[Source "ChessBase"]
[SourceDate "2016.12.12"]
[SourceVersion "1"]
[SourceVersionDate "2016.12.12"]
[SourceQuality "1"]
[WhiteTeam "Delfin"]
[BlackTeam "Politika"]
[WhiteTeamCountry "SRB"]
[BlackTeamCountry "SRB"]

1. e4 e5 2. Nf3 Nc6 3. Nc3 Nf6 4. Bb5 d6 5. d4 exd4 6. Nxd4 Bd7 7. 0-0 Be7 8. h3 0-0 9. Nxc6 Bxc6 10. Bxc6 bxc6 11. f4 d5 12. e5 Bc5+ 13. Kh1 Ne4 14. Qf3 f5 15. Nxe4 fxe4 16. Qc3 Qe7 17. Be3 Bxe3 18. Qxe3 Qb4 19. b3 Qb6 20. Qc3 d4 21. Qc4+ Kh8 22. f5 e3 23. b4 Rae8 1/2-1/2

[Event "Belgrade Cup 16th"]
[Site "Belgrade"]
[Date "2016.05.10"]
[Round "2.4"]
[White "Nikolic, Momcilo"]
[Black "Vukovic, Dusan M"]
[Result "1/2-1/2"]
[WhiteElo "2185"]
[BlackElo "2149"]
[PlyCount "98"]
[EventDate "2016.05.09"]
[EventType "team-swiss"]
[EventRounds "5"]
[EventCountry "SRB"]
[SourceTitle "CBM 172 Extra"]
[Source "ChessBase"]
[SourceDate "2016.06.21"]
[SourceVersion "1"]
[SourceVersionDate "2016.06.21"]
[SourceQuality "1"]
[WhiteTeam "Politika"]
[BlackTeam "Post Stedionica"]
[WhiteTeamCountry "SRB"]
[BlackTeamCountry "SRB"]

1. e4 e6 2. d4 d5 3. Nc3 Nf6 4. Bg5 Be7 5. e5 Nfd7 6. h4 c5 7. Bxe7 Qxe7 8. Nb5 0-0 9. c3 Nc6 10. Nf3 cxd4 11. cxd4 Qb4+ 12. Qd2 Qxd2+ 13. Kxd2 a6 14. Nc3 f6 15. exf6 Nxf6 16. Bd3 Bd7 17. Rae1 Rae8 18. Re2 Nh5 19. Re3 Rf6 20. g3 Ref8 21. Be2 g6 22. Nd1 Ng7 23. Ne5 Be8 24. Ng4 Nxd4 25. Nxf6+ Rxf6 26. f4 Ngf5 27. Rc3 Nxe2 28. Kxe2 Bc6 29. Re1 d4 30. Ra3 h6 31. Nf2 Bb5+ 32. Kd2 Ne3 33. Raxe3 dxe3+ 34. Kxe3 Rf7 35. Ng4 Kg7 36. Rc1 Bc6 37. Ne5 Re7 38. Nxc6 Rc7 39. Kd4 Kf6 40. g4 bxc6 41. Ke4 c5 42. b3 g5 43. fxg5+ hxg5 44. Rf1+ Kg7 45. h5 Rd7 46. Ke5 Rd4 47. Rf6 Rxg4 48. Rxe6 a5 49. Ra6 c4 1/2-1/2

[Event "Belgrade tt Cup"]
[Site "Belgrade"]
[Date "2013.04.17"]
[Round "1"]
[White "Knezevic, Mladen Z"]
[Black "Nikolic, Momcilo"]
[Result "0-1"]
[WhiteElo "2148"]
[BlackElo "2225"]
[PlyCount "106"]
[EventDate "2013.04.17"]
[EventType "team-swiss"]
[EventRounds "5"]
[EventCountry "SRB"]
[SourceTitle "EXT 2015"]
[Source "ChessBase"]
[SourceDate "2014.11.20"]
[SourceVersion "1"]
[SourceVersionDate "2014.11.20"]
[SourceQuality "1"]

1. Nf3 Nf6 2. c4 g6 3. g3 Bg7 4. Bg2 0-0 5. 0-0 d6 6. d4 Nbd7 7. Nc3 e5 8. e4 exd4 9. Nxd4 Nc5 10. h3 Re8 11. Re1 c6 12. Bf4 Nh5 13. Be3 a5 14. Qc2 a4 15. Rad1 Qa5 16. Nde2 Be6 17. Rxd6 Bxc4 18. g4 Be5 19. Rdd1 Ng7 20. Bxc5 Qxc5 21. Nxa4 Qb4 22. b3 Bxe2 23. Rxe2 Ne6 24. Red2 Bd4 25. a3 Qd6 26. Nb6 Rad8 27. Nc4 Qf4 28. Rd3 Re7 29. Qd2 Qc7 30. e5 Red7 31. b4 b5 32. Na5 c5 33. Nc6 c4 34. Nxd8 Rxd8 35. Rxd4 Rxd4 36. Qc1 c3 37. Bf1 c2 38. Rxd4 Nxd4 39. Bd3 Qc3 40. Bxc2 Qxc2 41. Qe3 Qc4 42. Kg2 Qd5+ 43. Kg3 Ne6 44. f4 Qd4 45. Kf3 Qd1+ 46. Ke4 Qh1+ 47. Qf3 Qb1+ 48. Kd5 Qc2 49. Qe3 Qc4+ 50. Kd6 Nd4 51. f5 Qc6+ 52. Ke7 Qc7+ 53. Ke8 Nc6 0-1

[Event "Belgrade-chT"]
[Site "Belgrade"]
[Date "2011.10.06"]
[Round "6.4"]
[White "Nikolic, Momcilo"]
[Black "Jovic, Aleksandar"]
[Result "1/2-1/2"]
[WhiteElo "2261"]
[BlackElo "2368"]
[PlyCount "126"]
[EventDate "2011.10.01"]
[EventType "team-tourn"]
[EventRounds "11"]
[EventCountry "SRB"]
[SourceTitle "CBM 144 Extra"]
[Source "ChessBase"]
[SourceDate "2011.10.28"]
[SourceVersion "1"]
[SourceVersionDate "2011.10.28"]
[SourceQuality "1"]
[WhiteTeam "Politika"]
[BlackTeam "Belgrade Vodovod"]
[WhiteTeamCountry "YUG"]
[BlackTeamCountry "YUG"]

1. e4 e6 2. d4 d5 3. Nc3 Bb4 4. e5 Ne7 5. a3 Bxc3+ 6. bxc3 c5 7. Qg4 Kf8 8. Bd3 Qa5 9. Bd2 Qa4 10. Bg5 Nbc6 11. Bxe7+ Nxe7 12. Kd2 b6 13. h3 cxd4 14. cxd4 Ba6 15. Nf3 Rc8 16. Rhc1 h6 17. h4 Bc4 18. h5 Nc6 19. Qf4 Na5 20. Ke1 Nc6 21. g4 Rc7 22. Kf1 Ke8 23. Kg2 Qa6 24. Qe3 Kd7 25. Bxc4 Qxc4 26. c3 Na5 27. Nd2 Qa4 28. c4 Nxc4 29. Qf4 Kc8 30. Rc3 Kb7 31. Rac1 Rhc8 32. Nf3 Qe8 33. Ne1 Qe7 34. a4 a5 35. Rb1 Na3 36. Rxc7+ Rxc7 37. Rb3 Nc2 38. Nf3 Qe8 39. g5 hxg5 40. Qxg5 Qh8 41. Qg4 Qh6 42. Rd3 f5 43. exf6 Qxf6 44. Kg3 Rf7 45. Rd2 Nb4 46. Ne5 Rc7 47. f3 Nc2 48. Rd3 b5 49. axb5 a4 50. b6 Kxb6 51. Rc3 Qe7 52. Rxc7 Kxc7 53. Qf4 Kb7 54. Qc1 Qc7 55. Qb2+ Kc8 56. Kh3 a3 57. Qb5 Nxd4 58. Qa6+ Kb8 59. f4 a2 60. Qxa2 Qc1 61. Qf2 Qh1+ 62. Kg4 Qd1+ 63. Kg3 Kc7 1/2-1/2

[Event "Belgrade tt Cup"]
[Site "Belgrade"]
[Date "2011.04.15"]
[Round "3"]
[White "Nikolic, Momcilo"]
[Black "Knezevic, Mladen Z"]
[Result "1-0"]
[WhiteElo "2263"]
[BlackElo "2165"]
[PlyCount "67"]
[EventDate "2011.04.13"]
[EventType "team-tourn"]
[EventRounds "5"]
[EventCountry "SRB"]
[SourceTitle "CBM 141 Extra"]
[Source "ChessBase"]
[SourceDate "2011.05.03"]
[SourceVersion "1"]
[SourceVersionDate "2011.05.03"]
[SourceQuality "1"]

1. e4 d5 2. exd5 Qxd5 3. Nc3 Qd6 4. Nf3 Nf6 5. d4 a6 6. h3 g6 7. Bg5 Nbd7 8. Qd2 Bg7 9. 0-0-0 0-0 10. Bf4 Qb6 11. Bc4 c5 12. Rhe1 cxd4 13. Nxd4 Re8 14. Ne6 fxe6 15. Rxe6 Qb4 16. Qe2 Kh8 17. Bd6 Nc5 18. Rxe7 Bf5 19. Qe5 Qxc4 20. Bxc5 Rxe7 21. Qxe7 Re8 22. Rd8 Qg8 23. Rxe8 Qxe8 24. Qxb7 Bh6+ 25. Kd1 Qd8+ 26. Ke2 Bxc2 27. Qxa6 Bc1 28. Qc4 Kg7 29. Bd4 Bxb2 30. g4 g5 31. h4 h6 32. f4 Kg6 33. Bxf6 Qxf6 34. Qg8+ 1-0